Statistics for NBA Player's Team - Vince Carter

Click here to take the quiz!

General Stats

  • This quiz has been taken 214 times
    (34 since last reset)
  • The average score is 19 of 27

Answer Stats

Season Team % Correct
1998-99Toronto Raptors
94%
1999-00Toronto Raptors
94%
2000-01Toronto Raptors
94%
2001-02Toronto Raptors
94%
2002-03Toronto Raptors
94%
2003-04Toronto Raptors
94%
2004-05Toronto Raptors
94%
2004-05New Jersey Nets
81%
2005-06New Jersey Nets
81%
2007-08New Jersey Nets
78%
2006-07New Jersey Nets
78%
2008-09New Jersey Nets
78%
2019-20Atlanta Hawks
75%
2018-19Atlanta Hawks
69%
2016-17Memphis Grizzlies
63%
2012-13Dallas Mavericks
59%
2013-14Dallas Mavericks
59%
2017-18Sacramento Kings
59%
2009-10Orlando Magic
56%
2010-11Orlando Magic
56%
2011-12Dallas Mavericks
56%
2015-16Memphis Grizzlies
56%
2014-15Memphis Grizzlies
53%
1996-97North Carolina
50%
1997-98North Carolina
50%
1995-96North Carolina
50%
2010-11Phoenix Suns
41%

Score Distribution

Percentile by Number Answered

Percent of People with Each Score

Your Score History

You have not taken this quiz since the last reset